000 01196nam a2200253 4500
001 54749
003 BD-RjUL
005 20211209080150.0
008 161110s1995 uk ||||| |||| 00| 0 eng d
020 _a0851989632
035 _a(BD-RjUL)54871
040 _beng
_cBD-RjUL
041 _aeng
082 _223
_a580.724
_bPAH 1995
100 _aPanda, Niranjan and Khush, Gurdev S.
_9163239
245 0 1 _aHost plant resistance to insects/
_cNiranjan Panda and Gurdev S. Khush.
260 _aWallingford, Oxon, UK :
_bCAB International in association with the International Rice Research Institute,
_c©1995.
300 _axiii, 431 p. :
_bill. ;
_c24 cm.
505 _a Crop plant and insect diversity; secondary plant metabolites for insect resistance; insect-plant interactions; host plant selection; mechanisms of resistance; factors affecting expression of resistance; screening for insect resistance; plant resistance and insect pest management; genetics of resistance to insects; breeding for resistance to insects.
650 _aPlants Botany Science
_xStudy and teaching
_9163240
700 _aPanda, Niranjan
_9163241
700 _aKhush, Gurdev S.
_9163242
942 _2ddc
_cBK
999 _c54749
_d54749